|
|
|
|
| LEADER |
00000nab a2200000 a 4500 |
| 001 |
vtls000232460 |
| 003 |
SK-MaSNL |
| 005 |
20260302212610.0 |
| 008 |
111130c1985 xo 0 slo |
| 015 |
|
|
|a SNBRB19rr/mm-uuuuu
|
| 035 |
|
|
|a CL0242574
|
| 040 |
|
|
|a SNKBUCL
|b slo
|c SNKBUCL
|e AACR2
|
| 041 |
0 |
|
|a slo
|
| 044 |
|
|
|a xo
|c SK
|
| 080 |
|
|
|a 82:028
|2 1981
|
| 080 |
|
|
|a 028
|2 1981
|
| 080 |
|
|
|a 885.4
|2 1981
|
| 100 |
1 |
|
|a Jerševská, Petra
|4 aut
|9 933256
|
| 245 |
1 |
0 |
|a Priblížiť dielo
|c Petra Jerševská
|
| 600 |
1 |
7 |
|a Puškáš, Jozef,
|d 1951-
|2 snkbucl
|9 100431
|
| 650 |
0 |
7 |
|a romány spoločenské
|2 snkbucl
|9 402806
|
| 651 |
|
7 |
|a 5100
|2 snkbucl
|9 166206
|
| 655 |
|
7 |
|a články z novín a časopisov
|2 snkbucl
|9 267496
|
| 655 |
|
7 |
|a články z odboru literárna veda a krásna literatúra
|2 snkbucl
|9 770045
|
| 773 |
0 |
|
|t Smena
|g Roč. 38, č. 259 (2. 11. 1985), s. /7/
|
| 850 |
|
|
|a Slovenská národná knižnica v Martine
|a MTA001
|
| 852 |
|
|
|a SNK
|b KIS3GCP
|
| 958 |
|
|
|a RK
|
| 958 |
|
|
|a LX
|
| 992 |
|
|
|a RBX
|
| 999 |
|
|
|c 1489913
|d 1491843
|